Principles of microeconomics: ECO212, Economics, Anne Arundel community college (Record no. 3065)

MARC details
000 -LEADER
fixed length control field 00451nam a2200133Ia 4500
008 - FIXED-LENGTH DATA ELEMENTS--GENERAL INFORMATION
fixed length control field 221216s9999||||xx |||||||||||||| ||und||
020 ## - INTERNATIONAL STANDARD BOOK NUMBER
International Standard Book Number 9780697786449
040 ## - CATALOGING SOURCE
Transcribing agency Chuka University Library
050 ## - LIBRARY OF CONGRESS CALL NUMBER
Classification number HB 172
Item number .P75 2009
100 ## - MAIN ENTRY--PERSONAL NAME
Personal name McConnel, Campbell R., Stanley L. Brue and Sean M. Flynn
9 (RLIN) 2224
245 #0 - TITLE STATEMENT
Title Principles of microeconomics: ECO212, Economics, Anne Arundel community college
260 ## - PUBLICATION, DISTRIBUTION, ETC.
Place of publication, distribution, etc. McGraw Hill
Name of publisher, distributor, etc. Boston
Date of publication, distribution, etc. 2009
942 ## - ADDED ENTRY ELEMENTS (KOHA)
Koha item type Long Loan Books
Koha issues (borrowed), all copies 1
Holdings
Withdrawn status Lost status Damaged status Not for loan Collection Home library Current library Shelving location Date acquired Total Checkouts Full call number Barcode Date last seen Date last checked out Price effective from Koha item type
        General Collection Books Main Campus Library Main Campus Library General Stacks 16/12/2022 1 HB 172 .P75 2009 8583/2012 26/11/2025 12/11/2025 16/12/2022 Long Loan Books

Powered by Koha